Mezinárodní seminář u příležitosti 45. výročí založení katedry tváření : Sborník referátů

Gespeichert in:
Bibliographische Detailangaben
Körperschaft: Mezinárodní seminář Ostrava
Format: Tagungsbericht Buch
Sprache:Slowakisch
Tschechisch
Veröffentlicht: Ostrava : VŠB-Technická univerzita Ostrava, 2006
Schlagworte:
Tags: Tag hinzufügen
Keine Tags, Fügen Sie das erste Tag hinzu!

MARC

LEADER 00000nam a22000003a 4500
001 stu121067
005 20150408182248.4
008 060619s2006----xr------------------slo-d
020 |a 80-248-1100-6 
040 |a STU  |b slo 
041 0 |a slo  |a cze 
044 |a xr 
080 |a 621.77 
080 |a (063) 
111 2 |a Mezinárodní seminář  |d (6.-7.6.2006 :  |c Ostrava) 
245 |a Mezinárodní seminář u příležitosti 45. výročí založení katedry tváření :  |b Sborník referátů 
260 |a Ostrava :  |b VŠB-Technická univerzita Ostrava,  |c 2006 
300 |a 130 s 
650 7 |a tvárnenie  |2 stusub 
996 |b 284M073402  |c M*Z-2861  |l MMKN  |s A  |a 24  |w stu121067_0001 
996 |b 284M073403  |c M*Z-2862  |l MMKN  |s A  |a 24  |w stu121067_0002 
996 |b 284M073404  |c M*Z-2863  |l MMKN  |s A  |a 24  |w stu121067_0003